Títulos de Millonarios FC - Estadísticas

Estadísticas generales
  • Esta prueba ha sido intentada 15 veces
  • La puntuación promedio es 21 de 22
Estadísticas de respuestas
Hint Respuesta % Correcto
Liga 1959
100%
Liga 1987
100%
Copa Merconorte 2001
100%
Liga 2012
100%
Liga 2017
100%
SuperLiga 2018
100%
Copa 2022
100%
Liga 2023
100%
SuperLiga 2024
100%
Liga 1949
92%
Liga 1951
92%
Liga 1952
92%
Copa 1952-1953
92%
Liga 1953
92%
Liga 1978
92%
Liga 1988
92%
Copa 2011
92%
Liga 1961
85%
Liga 1962
85%
Liga 1963
85%
Liga 1964
85%
Liga 1972
85%
No se encontraron pruebas coincidentes
Distribución de puntuación
Porcentaje de gente con cada puntuación
Porcentaje por número respondido
Historial de tus puntuaciones
No has intentado esta prueba.